| 000 | 00653nam a2200241Ia 4500 | ||
|---|---|---|---|
| 001 | 38966 | ||
| 005 | 20240114002033.0 | ||
| 007 | ta | ||
| 008 | 070807s1988 a g b000 u 465 u | ||
| 040 | _aCotton College,Assam | ||
| 041 | _a465 | ||
| 082 |
_a954.17 _bDe 41 Ch |
||
| 100 | _aDena, Lal . | ||
| 245 | 0 |
_aChristian Missions and Colonialism / _cLal Dena. _hTextual Documents |
|
| 250 | _a1st ed. / | ||
| 260 |
_aShillong : _bVendrame Institute , _c1988. |
||
| 300 |
_a131p. : _bill ; _c22cm . |
||
| 653 | _aHistory-Christian Missions in India | ||
| 653 | _aG-History | ||
| 942 |
_2ddc _cBK |
||
| 999 |
_c38938 _d38938 |
||